Trh s byty - britské zkušenosti.
Charakteristika prísnej regulácie a pokusov o dereguláciu trhu bytov vo Veľkej Británii za posledných 70. rokov. Údaje o vývine bytového fondu a o štruktúre vlastníctva k bytom. Nevyhnutnosť systémového riešenia obnovy trhového mechanizmu v bytovej oblasti. Poučenie pre ČSFR.
Enregistré dans:
| Auteur principal: | |
|---|---|
| Format: | Chapitre de livre |
| Langue: | tchèque |
| Sujets: | |
| Tags: |
Pas de tags, Soyez le premier à ajouter un tag!
|
MARC
| LEADER | 00000naa a2200000 4500 | ||
|---|---|---|---|
| 001 | r007585 | ||
| 005 | 20220831090258.5 | ||
| 041 | 0 | |a cze | |
| 044 | |a [CS] | ||
| 245 | 1 | 0 | |a Trh s byty - britské zkušenosti. |c O. Schneider |
| 520 | |a Charakteristika prísnej regulácie a pokusov o dereguláciu trhu bytov vo Veľkej Británii za posledných 70. rokov. Údaje o vývine bytového fondu a o štruktúre vlastníctva k bytom. Nevyhnutnosť systémového riešenia obnovy trhového mechanizmu v bytovej oblasti. Poučenie pre ČSFR. | ||
| 610 | 2 | 0 | |a byty |
| 610 | 2 | 0 | |a Veľká Británia |
| 610 | 2 | 0 | |a fond bytový |
| 610 | 2 | 0 | |a regulácia trhu |
| 100 | 1 | |a Schneider, O. | |